000 00461cam a22002051 4500
001 sa 63004032
003 DLC
005 20260227111946.0
008 881102m19629999xx 000 0 hino
010 _asa 63004032
035 _a(OCoLC)23558543
040 _aDLC
_cMiU
_dDLC
042 _apremarc
050 0 0 _aPK2098.O45
_bM3
110 2 _aOmilal.
245 1 0 _aMātā ke haīyāre.
260 _c1962-
300 _av.
_c23 cm.
500 _aRomanized.
999 _c55444
_d55444